| 000 | 00500nam a2200193 a 4500 | ||
|---|---|---|---|
| 001 | 1776330595456 | ||
| 003 | YourLibrary | ||
| 005 | 20260416144343.0 | ||
| 008 | 260416s2006##################000#0#eng## | ||
| 020 | _a9780199296040 | ||
| 082 | 0 | 4 |
_a346.24 _bCAF |
| 100 | 1 |
_aCafaggi, Fabrizio, _eauthor. |
|
| 245 | 1 | 0 | _aThe Institutional Framework of European Private Law : |
| 260 | _c2006. | ||
| 300 | _a362 pages | ||
| 650 | 0 | _aLaw. | |
| 942 | _cENGLISH | ||
| 040 |
_aYourLibrary _beng _cYourLibrary |
||
| 999 |
_c619377 _d619377 |
||